000 00301nam a22001337a 4500
003 SGT
005 20260703112142.0
082 _a347
_bSIN
100 _aSINGH SUMAN
245 _aNEED & EFFICACY OF COMMERCIAL ARBITRATION IN INDIA
260 _aGURUGRAM
_bSGTU
_c2023
300 _a118
942 _2ddc
_cTH
999 _c35043
_d35043